[Event "Caro Kann Blitz"]
[Site "SchemingMind.com"]
[Date "2008.01.21"]
[Round "-"]
[White "MotoXRider31"]
[Black "jdcald13"]
[Result "1-0"]
[WhiteCountry "USA"]
[BlackCountry "USA"]
[WhiteElo "2224"]
[WhiteRD "80"]
[BlackElo "1953"]
[BlackRD "49"]
[GameID "138318"]

1. e4 c6 2. d4 d5 3. e5 Bf5 4. Nf3 e6 5. c3 c5 6. Be3 cxd4 7. Nxd4 Bxb1 8. Rxb1 Nc6 9. Nxc6 bxc6 10. Bd3 Ne7
11. f4 Nf5 12. Qa4 Qd7 13. Bf2 h5 14. O-O Be7 15. c4 d4 16. b4 O-O 17. Rfd1 a5 18. b5 c5 19. Be4 Ra7 20. Bc6 Qd8
21. b6 Ra8 22. Bxa8 Qxa8 23. b7 Qa7 24. Rd3 Rb8 25. Rdb3 Bd8 26. Qe8+
1-0

[Event "Caro Kann Blitz"]
[Site "SchemingMind.com"]
[Date "2008.01.21"]
[Round "-"]
[White "jdcald13"]
[Black "MotoXRider31"]
[Result "0-1"]
[WhiteCountry "USA"]
[BlackCountry "USA"]
[WhiteElo "1976"]
[WhiteRD "53"]
[BlackElo "2172"]
[BlackRD "79"]
[GameID "138320"]

1. e4 c6 2. d4 d5 3. e5 Bf5 4. Nf3 e6 5. Be2 c5 6. Be3 cxd4 7. Nxd4 Ne7 8. Bg5 Qd7 9. Bxe7 Bxe7 10. Nxf5 exf5
11. O-O Nc6 12. Nd2 Nxe5 13. Nf3 Nc6 14. c4 d4 15. Qd2 Rd8 16. Rad1 O-O 17. a3 Rfe8 18. b4 Bf6 19. Bd3 g6 20. Rfe1 Ne5
21. Nxe5 Bxe5 22. Re2 Qd6 23. g3 Bf6 24. Rde1 Rxe2 25. Rxe2 Qa6 26. Qa2 Qa4 27. Bc2 Qd7 28. Bd3 b6 29. a4 Qd6 30. b5 Qb4
31. Kf1 Ra8 32. Rb2 Qc3 33. Qb3 Re8 34. Qxc3 dxc3 35. Re2 Rd8 36. Bc2 h5 37. h4 Rd4 38. Bb3 f4 39. Kg2 Rd3 40. Rc2 f3+
41. Kh3 Rd1 42. Kh2 Re1 43. c5 bxc5 44. a5 Rb1 45. b6 axb6 46. Ba2 Rb4 47. axb6 Rxb6 48. Bd5 Rb2 49. Be4 Bd4
0-1

[Event "Caro Kann Blitz"]
[Site "SchemingMind.com"]
[Date "2008.02.01"]
[Round "-"]
[White "shadrach"]
[Black "jdcald13"]
[Result "1-0"]
[WhiteCountry "AUS"]
[BlackCountry "USA"]
[WhiteElo "1799"]
[WhiteRD "91"]
[BlackElo "1953"]
[BlackRD "49"]
[GameID "139517"]

1. e4 c6 2. d4 d5 3. Nc3 dxe4 4. Nxe4 Bf5 5. Ng3 Bg6 6. h4 h6 7. Nf3 Nd7 8. h5 Bh7 9. Bd3 Bxd3 10. Qxd3 e6
11. Bf4 Qa5+ 12. Bd2 Qc7 13. O-O-O Ngf6 14. Ne4 Be7 15. Nxf6+ Bxf6 16. Qe4 O-O 17. g4 c5 18. g5 hxg5 19. Nxg5 Bxg5 20. Bxg5 cxd4
21. h6 Qe5 22. Qxe5 Nxe5 23. hxg7 Rfc8 24. Bf6 Ng6 25. Rh8+
1-0

[Event "Caro Kann Blitz"]
[Site "SchemingMind.com"]
[Date "2008.01.30"]
[Round "-"]
[White "shadrach"]
[Black "MotoXRider31"]
[Result "0-1"]
[WhiteCountry "AUS"]
[BlackCountry "USA"]
[WhiteElo "1799"]
[WhiteRD "91"]
[BlackElo "2224"]
[BlackRD "80"]
[GameID "139518"]

1. e4 c6 2. d4 d5 3. Nc3 dxe4 4. Nxe4 Nd7 5. Nf3 Ngf6 6. Nxf6+ Nxf6 7. Ne5 Bf5 8. c3 e6 9. g4 Bg6 10. h4 Bd6
11. Qe2 c5 12. h5 Be4 13. f3 cxd4 14. Qb5+ Nd7 15. Nxf7 Bg3+ 16. Ke2 Qf6 17. fxe4 Qxf7 18. Qd3 Qf2+ 19. Kd1 O-O 20. Bd2 Nc5
21. Qe2 Rad8 22. Kc1 Nxe4
0-1

[Event "Caro Kann Blitz"]
[Site "SchemingMind.com"]
[Date "2008.02.02"]
[Round "-"]
[White "jdcald13"]
[Black "shadrach"]
[Result "1-0"]
[WhiteCountry "USA"]
[BlackCountry "AUS"]
[WhiteElo "1953"]
[WhiteRD "49"]
[BlackElo "1799"]
[BlackRD "91"]
[GameID "139520"]

1. e4 c6 2. d4 d5 3. e5 Bf5 4. Nc3 e6 5. g4 Bg6 6. Nge2 c5 7. h4 h5 8. Nf4 Bh7 9. Nxh5 cxd4 10. Nb5 Nc6
11. Nxd4 Nge7 12. Bb5 a6 13. Bxc6+ Nxc6 14. Nxc6 bxc6 15. Bg5 Be7 16. Nxg7+ Kd7 17. Bxe7 Qxe7 18. Qe2 Qb4+ 19. c3 Qf8 20. Nh5 Be4
21. Nf6+ Ke7 22. Nxe4 dxe4 23. O-O-O
1-0

[Event "Caro Kann Blitz"]
[Site "SchemingMind.com"]
[Date "2008.01.31"]
[Round "-"]
[White "MotoXRider31"]
[Black "shadrach"]
[Result "0-1"]
[WhiteCountry "USA"]
[BlackCountry "AUS"]
[WhiteElo "2172"]
[WhiteRD "79"]
[BlackElo "1838"]
[BlackRD "89"]
[GameID "139521"]

1. e4 c6 2. d4 d5 3. e5 Bf5 4. Nf3 e6 5. c3 c5 6. Be3 Qb6 7. Qa4+ Nc6 8. Qb5 c4 9. Qxb6 axb6 10. Nbd2 Nge7
11. Nh4 Bg6 12. Be2 Nf5 13. Nxf5 Bxf5 14. O-O O-O-O 15. b3 b5 16. Nf3 Be7 17. a4 cxb3 18. axb5 b2 19. bxc6 bxa1=Q 20. Rxa1 Kc7
21. cxb7 Kxb7 22. Nd2 Ra8 23. Rxa8 Rxa8 24. g4 Ra1+ 25. Kg2 Bg6 26. Bf3 Kc6 27. c4 Ra5 28. Nf1 Bd3 29. cxd5+ exd5 30. Ng3 g6
31. h4 Bxh4 32. g5 Bxg3 33. Kxg3 Be4 34. Bg4 Ra3 35. Kf4 Ra2 36. f3 Bd3 37. Bh3 Ra1 38. Kg3 Bf1 39. Bg4 Ra2 40. Bf2 Kb5
41. Be3 Kc4 42. Bd7 Rg2+ 43. Kf4 Rh2
0-1

[Event "Caro Kann Blitz"]
[Site "SchemingMind.com"]
[Date "2008.01.31"]
[Round "-"]
[White "dcon"]
[Black "shadrach"]
[Result "1-0"]
[WhiteCountry "RSA"]
[BlackCountry "AUS"]
[WhiteElo "2088"]
[WhiteRD "70"]
[BlackElo "1799"]
[BlackRD "91"]
[GameID "139578"]

1. e4 c6 2. d4 d5 3. Nc3 dxe4 4. Nxe4 Nd7 5. Bc4 Nb6 6. Bb3 Bf5 7. Qf3 e6 8. Ne2 Qh4 9. N2g3 Bxe4 10. Nxe4 Nf6
11. Nxf6+ Qxf6 12. Qxf6 gxf6 13. O-O O-O-O 14. c3 c5 15. dxc5 Bxc5 16. Bh6 Rhg8 17. Rfd1 Rg6 18. Rxd8+ Kxd8 19. Rd1+ Ke7 20. Bf4 Nd7
21. Bc2 f5 22. b4 Bb6 23. c4 a6 24. Ba4 Nf6 25. c5 Ba7 26. Bd6+
1-0

[Event "Caro Kann Blitz"]
[Site "SchemingMind.com"]
[Date "2008.02.01"]
[Round "-"]
[White "dcon"]
[Black "jdcald13"]
[Result "1/2-1/2"]
[WhiteCountry "RSA"]
[BlackCountry "USA"]
[WhiteElo "2088"]
[WhiteRD "70"]
[BlackElo "1953"]
[BlackRD "49"]
[GameID "139579"]

1. e4 c6 2. d4 d5 3. Nc3 dxe4 4. Nxe4 Bf5 5. Qf3 Bxe4 6. Qxe4 Nf6 7. Qh4 e6 8. Nf3 Be7 9. Qg3 O-O 10. Bd3 Nbd7
11. Bd2 c5 12. c3 cxd4 13. Nxd4 Nc5 14. Bc2 Nce4 15. Qd3 Nxd2 16. Qxd2 e5 17. Nf3 Qxd2+ 18. Nxd2 Rad8 19. Ne4 Nxe4 20. Bxe4 b6
21. O-O Rd2 22. b3 f5 23. Bb7 Rfd8 24. Rae1 Bf6 25. a4 Rc2 26. c4 Rdd2 27. Rd1 a5=
1/2-1/2

[Event "Caro Kann Blitz"]
[Site "SchemingMind.com"]
[Date "2008.01.30"]
[Round "-"]
[White "dcon"]
[Black "MotoXRider31"]
[Result "1/2-1/2"]
[WhiteCountry "RSA"]
[BlackCountry "USA"]
[WhiteElo "2079"]
[WhiteRD "61"]
[BlackElo "2172"]
[BlackRD "79"]
[GameID "139580"]

1. e4 c6 2. d4 d5 3. Nc3 dxe4 4. Nxe4 Nd7 5. Nf3 Ngf6 6. Nxf6+ Nxf6 7. Bc4 Bf5 8. Bg5 h6 9. Bh4 Qb6 10. O-O g5
11. Bg3 e6 12. Be5 Be7 13. Bd3 Bxd3 14. Qxd3 O-O-O 15. a4 Rhe8 16. Rfd1 Nd7 17. a5 Qa6 18. Qxa6 bxa6 19. h3 h5 20. Bg3 h4
21. Bh2 Rg8 22. Ra4 g4 23. hxg4 Rxg4 24. Rc4 Kb7 25. Rd3 c5 26. Kf1 f5 27. Rcc3 Bf6 28. Rb3+ Kc8 29. dxc5 Rc4 30. c3 e5
31. Rd6 Nxc5 32. Rxd8+ Bxd8 33. Nxe5 Ra4 34. Rb4 Bxa5 35. Rf4 Rxf4 36. Bxf4 Bc7 37. Be3 Na4 38. Nd3 Nb6 39. Bg5 a5 40. Bxh4 Nc4
41. Bg5 a4 42. Bc1 Bd6 43. Ke2 Kd7 44. f3 Ke6 45. g4 fxg4 46. fxg4 a5 47. Kf3 a3 48. bxa3 Nxa3 49. Ke4 Nb1 50. c4 Nc3+
51. Ke3 a4 52. c5 Bg3 53. Kd4= Ne2+ 54. Kc4 Nxc1 55. Nxc1 Bh4 56. Kb4= Be7 57. Nd3=
1/2-1/2

[Event "Caro Kann Blitz"]
[Site "SchemingMind.com"]
[Date "2008.01.31"]
[Round "-"]
[White "shadrach"]
[Black "dcon"]
[Result "0-1"]
[WhiteCountry "AUS"]
[BlackCountry "RSA"]
[WhiteElo "1799"]
[WhiteRD "91"]
[BlackElo "2088"]
[BlackRD "70"]
[GameID "139582"]

1. e4 c6 2. d4 d5 3. Nc3 dxe4 4. Nxe4 Nd7 5. Ng5 e5 6. Qh5 Qe7 7. Qe2 exd4 8. Qxe7+ Bxe7 9. N1f3 c5 10. Bd2 Ngf6
11. Bc4 O-O 12. O-O-O Nb6 13. Bxf7+ Rxf7 14. Nxf7 Kxf7 15. Ne5+ Kg8 16. c3 dxc3 17. Bxc3 Be6 18. h4 Bxa2 19. f3 Nfd5 20. g4 Bb3
21. Rde1 Nxc3 22. bxc3 Bd6 23. f4 c4 24. g5 Ba3+
0-1

[Event "Caro Kann Blitz"]
[Site "SchemingMind.com"]
[Date "2008.02.01"]
[Round "-"]
[White "jdcald13"]
[Black "dcon"]
[Result "1/2-1/2"]
[WhiteCountry "USA"]
[BlackCountry "RSA"]
[WhiteElo "1953"]
[WhiteRD "49"]
[BlackElo "2088"]
[BlackRD "70"]
[GameID "139583"]

1. e4 c6 2. d4 d5 3. e5 Bf5 4. Nc3 e6 5. g4 Bg6 6. Nge2 Nd7 7. h4 h6 8. Be3 Qb6 9. Qd2 Bb4 10. O-O-O Ne7
11. h5 Bh7 12. a3 Bxc3 13. Nxc3 Rg8 14. Bd3 Bxd3 15. Qxd3 O-O-O 16. f4 f5 17. g5 Qc7 18. Rdg1 b6 19. Rg2 Kb7 20. Rhg1 hxg5
21. Rxg5 g6 22. hxg6 Rg7 23. Qe2 Rdg8 24. Qh5 Nf8 25. Ne2 Rxg6 26. Rxg6 Nexg6 27. Qf3 Rh8 28. Rh1 Rxh1+ 29. Qxh1 Qe7 30. Bf2 Nd7
31. Qh6 Ndf8 32. Kd2 Kc8 33. Ng1 Qb7 34. Nf3 a6 35. Bh4 Qh7 36. Qxh7=
1/2-1/2

[Event "Caro Kann Blitz"]
[Site "SchemingMind.com"]
[Date "2008.01.30"]
[Round "-"]
[White "MotoXRider31"]
[Black "dcon"]
[Result "1-0"]
[WhiteCountry "USA"]
[BlackCountry "RSA"]
[WhiteElo "2224"]
[WhiteRD "80"]
[BlackElo "2088"]
[BlackRD "70"]
[GameID "139584"]

1. e4 c6 2. d4 d5 3. e5 Bf5 4. Nf3 e6 5. c3 Nd7 6. Be2 Ne7 7. O-O c5 8. Qb3 Qc7 9. Be3 Nc6 10. Rc1 Be7
11. Re1 O-O 12. Nbd2 a6 13. Rac1 c4 14. Qd1 f6 15. exf6 Bxf6 16. Nf1 b5 17. Qd2 a5 18. Bf4 Qb6 19. Ne3 Bg6 20. Ng5 Rae8
21. Bg4 Bxg5 22. Bxg5 Nf6 23. Bxf6 Rxf6 24. Bf3 Ne7 25. Ng4 Rff8 26. Ne5 Bf5 27. Nd7 Qd6 28. Nxf8 Rxf8 29. Re3 Rf6 30. Rce1 Rh6
31. g3 b4 32. Bg2 Nc6 33. b3 cxb3 34. axb3 bxc3 35. Rxc3 Qb4 36. Rd1 Qb6 37. Qf4 Ne7 38. Qc7 Qxc7 39. Rxc7
1-0

[Event "Caro Kann Blitz"]
[Site "SchemingMind.com"]
[Date "2008.02.02"]
[Round "-"]
[White "jtrochez1"]
[Black "shadrach"]
[Result "0-1"]
[WhiteCountry "HON"]
[BlackCountry "AUS"]
[WhiteElo "1579"]
[WhiteRD "50"]
[BlackElo "1838"]
[BlackRD "89"]
[GameID "139870"]

1. e4 c6 2. d4 d5 3. e5 Bf5 4. c3 e6 5. Bd3 Bxd3 6. Qxd3 c5 7. Nf3 Nc6 8. O-O Qb6 9. Nbd2 cxd4 10. Nxd4 Nxe5
11. Qb5+ Qxb5 12. Nxb5 Kd7 13. Nf3 Nxf3+ 14. gxf3 Ne7 15. Bf4 Ng6 16. Bg3 f5 17. h3 f4 18. Bh2 e5 19. b4 a6 20. Na3 Nh4
21. Rad1 Nxf3+ 22. Kg2 Nxh2 23. Kxh2 Ke6 24. Nc2 Bd6 25. f3 b5 26. Kg2 Rac8 27. Rfe1 Rxc3 28. Nd4+ Kf6 29. Ne2 Rc2 30. a3 d4
31. Kf1 Rhc8 32. Rc1 d3 33. Rxc2 Rxc2 34. Ng1 d2 35. Rd1 a5 36. Ke2 axb4 37. Rxd2 Rxd2+ 38. Kxd2 bxa3 39. Kc2 b4 40. Kb3 e4
41. fxe4 Ke5 42. Nf3+ Kxe4 43. Ng5+ Ke3
0-1

[Event "Caro Kann Blitz"]
[Site "SchemingMind.com"]
[Date "2008.02.02"]
[Round "-"]
[White "jtrochez1"]
[Black "jdcald13"]
[Result "0-1"]
[WhiteCountry "HON"]
[BlackCountry "USA"]
[WhiteElo "1556"]
[WhiteRD "53"]
[BlackElo "1953"]
[BlackRD "49"]
[GameID "139871"]

1. e4 c6 2. d4 d5 3. e5 Bf5 4. c3 e6 5. Nf3 c5 6. Be2 Nc6 7. Be3 Qb6 8. b3 cxd4 9. cxd4 Bxb1 10. Qxb1 Bb4+
11. Kf1 Bc3 12. Qc1 Bxa1
0-1

[Event "Caro Kann Blitz"]
[Site "SchemingMind.com"]
[Date "2008.02.01"]
[Round "-"]
[White "jtrochez1"]
[Black "MotoXRider31"]
[Result "0-1"]
[WhiteCountry "HON"]
[BlackCountry "USA"]
[WhiteElo "1579"]
[WhiteRD "50"]
[BlackElo "2172"]
[BlackRD "79"]
[GameID "139872"]

1. e4 c6 2. d4 d5 3. e5 Bf5 4. Qf3 Bxc2 5. Nc3 e6 6. Bd3 Bxd3 7. Qxd3 Ne7 8. Bg5 Qb6 9. Bxe7 Bxe7 10. b3 Qa5
11. Ne2 O-O 12. O-O c5 13. Qb5 Qxb5 14. Nxb5 Nc6 15. dxc5 Bxc5 16. a3 Nxe5 17. b4 Be7 18. Rac1 Nc4 19. Ra1 a5 20. Nbc3 axb4
21. axb4 Bxb4 22. Rxa8 Rxa8 23. Rb1 Nd2 24. Rd1 d4 25. Nb5 e5 26. Nc7 Ra5 27. h3 Kf8 28. Nc1 Ke7 29. Nd3 Bc3 30. f3 Kd7
31. Nxe5+ Rxe5 32. Na8 Kc6 33. Kf2 Re8
0-1

[Event "Caro Kann Blitz"]
[Site "SchemingMind.com"]
[Date "2008.02.01"]
[Round "-"]
[White "jtrochez1"]
[Black "dcon"]
[Result "0-1"]
[WhiteCountry "HON"]
[BlackCountry "RSA"]
[WhiteElo "1556"]
[WhiteRD "53"]
[BlackElo "2088"]
[BlackRD "70"]
[GameID "139874"]

1. e4 c6 2. d4 d5 3. e5 Nd7 4. Nf3 c5 5. Bb5 Qa5+ 6. Nc3 e6 7. O-O a6 8. Bxd7+ Bxd7 9. Ne2 Bb5 10. Bd2 Qb6
11. b3 Rc8 12. Re1 cxd4 13. Nexd4 Bd7 14. c3 Bc5 15. a4 Ne7 16. Rb1 Nf5 17. b4 Bxd4 18. cxd4 Nxd4 19. Be3 Nxf3+ 20. Qxf3 d4
21. a5 Qa7 22. Bf4 O-O 23. Rbc1 Bb5 24. Qg3 Kh8 25. h3 b6 26. Rxc8 Rxc8 27. Rc1 Rxc1+ 28. Bxc1 bxa5 29. bxa5 Qc5 30. Bf4 Be2
31. Qg5 Qc7 32. Bd2 h6 33. Qf4 d3 34. Qb4 Qxe5 35. Qf8+ Kh7 36. Qxf7 Bh5 37. Qf4 Qa1+ 38. Kh2 e5 39. Qe3 Bg6 40. f3 h5
41. g4 hxg4 42. hxg4 Qb2 43. Kg3 Qc2 44. Qg5 Qc7 45. Qh4+ Kg8 46. Kg2 e4 47. Qg3 Qb7 48. Kf2 e3+ 49. Kxe3 Qa7+ 50. Kf4 Qd4+
51. Kg5 Qf6#
0-1

[Event "Caro Kann Blitz"]
[Site "SchemingMind.com"]
[Date "2008.02.03"]
[Round "-"]
[White "shadrach"]
[Black "jtrochez1"]
[Result "0-1"]
[WhiteCountry "AUS"]
[BlackCountry "HON"]
[WhiteElo "1787"]
[WhiteRD "91"]
[BlackElo "1580"]
[BlackRD "57"]
[GameID "139875"]

1. e4 c6 2. d4 d5 3. Nc3 e6 4. Nf3 Nd7 5. Bd3 Be7 6. O-O dxe4 7. Nxe4 Ngf6 8. Ng3 h6 9. b3 Bd6 10. Bb2 Qc7
11. Qe2 Nb6 12. Rad1 Bd7 13. c4 Bxg3 14. fxg3 O-O-O 15. Ne5 Be8 16. a4 Nbd7 17. Nxd7 Bxd7 18. b4 Rde8 19. b5 h5 20. bxc6 Bxc6
21. a5 h4 22. gxh4 Rxh4 23. Qe5 Reh8 24. Qxc7+ Kxc7 25. d5 exd5 26. Be5+ Kd8 27. cxd5 Bxd5 28. Bxf6+ gxf6 29. Bb1 R8h5 30. Rf5 Ke7
31. Rdxd5 Rxf5 32. Rxf5 Rb4 33. Bc2 a6 34. Bd3 Rd4 35. Rf3 Kf8 36. Kf2 Ra4 37. Rxf6 Rxa5 38. Rb6 Ra2+ 39. Be2 a5 40. Rxb7 a4
41. Ra7 a3 42. h4 Kg7 43. g4 Rd2 44. Rxa3 f6
0-1

[Event "Caro Kann Blitz"]
[Site "SchemingMind.com"]
[Date "2008.02.02"]
[Round "-"]
[White "jdcald13"]
[Black "jtrochez1"]
[Result "1-0"]
[WhiteCountry "USA"]
[BlackCountry "HON"]
[WhiteElo "1976"]
[WhiteRD "53"]
[BlackElo "1579"]
[BlackRD "50"]
[GameID "139876"]

1. e4 c6 2. d4 d5 3. e5 e6 4. f4 Be7 5. Nf3 Nd7 6. Bd3 Nf8 7. O-O Bd7 8. Be3 Qc7 9. Nbd2 f5 10. exf6 Bxf6
11. Ne5 Bxe5 12. fxe5 Ng6 13. Bxg6+ hxg6 14. Qg4 O-O-O 15. Rf7 Nh6 16. Bxh6 gxh6 17. Qxg6 Rdg8 18. Qf6 Qd8 19. Rf1 b6 20. Rf4 h5
21. Nf3 Qxf6 22. R4xf6 h4 23. Re7 Kd8 24. Rff7 Bc8 25. Rxa7 h3 26. g3 Ke8 27. Rfc7 Kd8 28. Rxc6 b5 29. Kf2 Bd7 30. Rd6 Re8
31. Rdxd7+ Kc8 32. Rdc7+ Kd8 33. Ng5 Rhf8+ 34. Nf7+ Rxf7+ 35. Rxf7
1-0

[Event "Caro Kann Blitz"]
[Site "SchemingMind.com"]
[Date "2008.02.02"]
[Round "-"]
[White "MotoXRider31"]
[Black "jtrochez1"]
[Result "1-0"]
[WhiteCountry "USA"]
[BlackCountry "HON"]
[WhiteElo "2172"]
[WhiteRD "79"]
[BlackElo "1579"]
[BlackRD "50"]
[GameID "139877"]

1. e4 c6 2. d4 d5 3. e5 e6 4. Nf3 Be7 5. c3 Nd7 6. Bd3 Nf8 7. O-O Bd7 8. Qb3 Qc7 9. Na3 Bxa3 10. Qxa3 Ng6
11. h4 f5 12. Re1 h6 13. b3 N8e7 14. c4 O-O 15. h5 Nf4 16. Bxf4 Be8 17. Qd6 Qxd6 18. exd6 Nc8 19. c5 b5 20. Ne5 a6
21. d7 Bxh5 22. Nxc6 Na7 23. Nxa7 Rxa7 24. c6 Rd8 25. Rxe6 Bf7 26. Re7
1-0

[Event "Caro Kann Blitz"]
[Site "SchemingMind.com"]
[Date "2008.02.02"]
[Round "-"]
[White "dcon"]
[Black "jtrochez1"]
[Result "1-0"]
[WhiteCountry "RSA"]
[BlackCountry "HON"]
[WhiteElo "2088"]
[WhiteRD "70"]
[BlackElo "1556"]
[BlackRD "53"]
[GameID "139879"]

1. e4 c6 2. d4 d5 3. exd5 cxd5 4. Nc3 e6 5. Nf3 Nc6 6. Bf4 a6 7. Bd3 Bb4 8. a3 Be7 9. O-O Bf6 10. Re1 Nge7
11. Ne2 Qb6 12. Qd2 Ng6 13. Bg3 O-O 14. Rab1 a5 15. c3 e5 16. dxe5 Ncxe5 17. Nxe5 Bxe5 18. Bxe5 Nxe5 19. Nf4 Nxd3 20. Qxd3 Rd8
21. Nxd5 Qc6 22. Ne7+ Kh8 23. Qxd8+
1-0

[Event "Caro Kann Blitz"]
[Site "SchemingMind.com"]
[Date "2008.02.02"]
[Round "-"]
[White "Schaakmaatje"]
[Black "shadrach"]
[Result "0-1"]
[WhiteCountry "NED"]
[BlackCountry "AUS"]
[WhiteElo "1746"]
[WhiteRD "45"]
[BlackElo "1799"]
[BlackRD "91"]
[GameID "139909"]

1. e4 c6 2. d4 d5 3. Nc3 dxe4 4. Nxe4 Bf5 5. Ng3 Bg6 6. Nf3 Nd7 7. h4 h6 8. h5 Bh7 9. Bd3 Bxd3 10. Qxd3 Ngf6
11. Be3 e6 12. O-O-O Bd6 13. Ne4 Nxe4 14. Qxe4 Nf6 15. Qh4 Nd5 16. Qxd8+ Rxd8 17. c4 Nxe3
0-1

[Event "Caro Kann Blitz"]
[Site "SchemingMind.com"]
[Date "2008.02.02"]
[Round "-"]
[White "Schaakmaatje"]
[Black "jtrochez1"]
[Result "1/2-1/2"]
[WhiteCountry "NED"]
[BlackCountry "HON"]
[WhiteElo "1746"]
[WhiteRD "45"]
[BlackElo "1556"]
[BlackRD "53"]
[GameID "139910"]

1. e4 c6 2. d4 d5 3. e5 e6 4. f4 Be7 5. Nf3 Qc7 6. Bd3 f5 7. O-O Bd8 8. Nc3 h6 9. Ne2 Qf7 10. Ng3 Ne7
11. Be3 Ng6 12. c4 O-O 13. Rc1 Bd7 14. cxd5 cxd5 15. Ne2 a6 16. Ng3 Re8 17. Qb3 Bc6 18. Qc2 Bd7 19. a3=
1/2-1/2

[Event "Caro Kann Blitz"]
[Site "SchemingMind.com"]
[Date "2008.02.02"]
[Round "-"]
[White "Schaakmaatje"]
[Black "jdcald13"]
[Result "1/2-1/2"]
[WhiteCountry "NED"]
[BlackCountry "USA"]
[WhiteElo "1746"]
[WhiteRD "45"]
[BlackElo "1953"]
[BlackRD "49"]
[GameID "139911"]

1. e4 c6 2. d4 d5 3. e5 Bf5 4. Bd3 Bxd3 5. Qxd3 e6 6. Nf3 c5 7. O-O Nc6 8. c3 cxd4 9. cxd4 Nge7 10. Nc3 Nf5
11. a3 Qb6 12. Be3 Be7 13. b4 O-O 14. Rfc1 Rac8 15. Na4 Qd8 16. Nc5 Bxc5 17. dxc5 Nxe3 18. Qxe3 b5 19. Nd4 Nxd4 20. Qxd4 a5
21. Rc3 a4 22. Rg3 Rc6 23. Re1 f5 24. f4 Rf7 25. Ree3 Qb8 26. Rg5 Kf8 27. Rh3 h6 28. Rg6 Qb7 29. Rhg3=
1/2-1/2

[Event "Caro Kann Blitz"]
[Site "SchemingMind.com"]
[Date "2008.02.01"]
[Round "-"]
[White "Schaakmaatje"]
[Black "dcon"]
[Result "0-1"]
[WhiteCountry "NED"]
[BlackCountry "RSA"]
[WhiteElo "1746"]
[WhiteRD "45"]
[BlackElo "2088"]
[BlackRD "70"]
[GameID "139914"]

1. e4 c6 2. d4 d5 3. Nc3 dxe4 4. Nxe4 Bf5 5. Ng3 Bg6 6. Nf3 e6 7. h4 h6 8. h5 Bh7 9. Bd3 Bxd3 10. Qxd3 Qc7
11. Ne4 Nd7 12. Rh4 Be7 13. Rg4 Ngf6 14. Rh4 Nxe4 15. Rxe4 O-O-O 16. Qe2 Nf6 17. Bf4 Qa5+ 18. Bd2 Qxh5 19. O-O-O Nxe4 20. Qxe4 Qd5
0-1

[Event "Caro Kann Blitz"]
[Site "SchemingMind.com"]
[Date "2008.02.02"]
[Round "-"]
[White "jtrochez1"]
[Black "Schaakmaatje"]
[Result "0-1"]
[WhiteCountry "HON"]
[BlackCountry "NED"]
[WhiteElo "1556"]
[WhiteRD "53"]
[BlackElo "1746"]
[BlackRD "45"]
[GameID "139916"]

1. e4 c6 2. d4 d5 3. exd5 cxd5 4. Nf3 g6 5. c3 Bg7 6. Be3 Nf6 7. h3 O-O 8. Nbd2 Re8 9. Bb5 Bd7 10. Bxd7 Nbxd7
11. O-O e6 12. Rc1 Rc8 13. Ne5 Nxe5 14. dxe5 Nd7 15. Nf3 Nxe5 16. Nxe5 Bxe5 17. Qb3 b6 18. a3 Rc4 19. Rfd1 Qc7 20. Rd3 Rc8
21. Qb5 d4 22. Bd2 Bf4 23. b3 Rc5 24. Qb4 Bxd2 25. Rxd2 dxc3 26. Rdc2 Qe5 27. a4 b5 28. Qg4 bxa4 29. bxa4 Rc4 30. Qg3 Qa5
31. Ra1 Rxa4 32. Rxa4 Qxa4 33. Rxc3 Qa1+ 34. Kh2 Qxc3
0-1

[Event "Caro Kann Blitz"]
[Site "SchemingMind.com"]
[Date "2008.02.02"]
[Round "-"]
[White "jdcald13"]
[Black "Schaakmaatje"]
[Result "1-0"]
[WhiteCountry "USA"]
[BlackCountry "NED"]
[WhiteElo "1953"]
[WhiteRD "49"]
[BlackElo "1746"]
[BlackRD "45"]
[GameID "139917"]

1. e4 c6 2. d4 d5 3. e5 Bf5 4. Nc3 e6 5. g4 Bg6 6. Nge2 Be7 7. Be3 Bg5 8. f4 Bh4+ 9. Ng3 f5 10. gxf5 Bxf5
11. Bd3 Nh6 12. Bf2 O-O 13. Bxf5 Nxf5 14. Qd2 Nd7 15. O-O-O b5 16. Nxf5 Rxf5 17. Bxh4 Qxh4 18. Ne2 a5 19. Rdg1 c5 20. Rg2 b4
21. Rhg1 g6 22. dxc5 Nxc5 23. Nd4 Rxf4 24. Nxe6 Nxe6 25. Qxd5 Re8 26. Qxa5
1-0

[Event "Caro Kann Blitz"]
[Site "SchemingMind.com"]
[Date "2008.02.01"]
[Round "-"]
[White "MotoXRider31"]
[Black "Schaakmaatje"]
[Result "1-0"]
[WhiteCountry "USA"]
[BlackCountry "NED"]
[WhiteElo "2224"]
[WhiteRD "80"]
[BlackElo "1746"]
[BlackRD "45"]
[GameID "139918"]

1. e4 c6 2. d4 d5 3. e5 Bf5 4. Nf3 e6 5. c3 h6 6. Qb3 Qc7 7. Be3 Ne7 8. Be2 Nd7 9. O-O Bh7 10. Nbd2 Nf5
11. c4 dxc4 12. Nxc4 Be7 13. Bd2 Nb6 14. Ba5 O-O 15. Nxb6 axb6 16. Bxb6 Qd7 17. Rac1 Nh4 18. Nxh4 Bxh4 19. a3 Be4 20. Qe3 Bd5
21. Bd3 f5 22. f4 Rf7 23. Be2 g5 24. Qh3
1-0

[Event "Caro Kann Blitz"]
[Site "SchemingMind.com"]
[Date "2008.02.02"]
[Round "-"]
[White "dcon"]
[Black "Schaakmaatje"]
[Result "1/2-1/2"]
[WhiteCountry "RSA"]
[BlackCountry "NED"]
[WhiteElo "2088"]
[WhiteRD "70"]
[BlackElo "1746"]
[BlackRD "45"]
[GameID "139920"]

1. e4 c6 2. d4 d5 3. exd5 cxd5 4. Nc3 Bf5 5. Qf3 e6 6. Bd3 Bxd3 7. Qxd3 Nc6 8. Nf3 Bd6 9. O-O a6 10. Re1 Nge7
11. Bg5 O-O 12. a3 Qc7 13. b4 b5 14. Ne2 Ng6 15. c3 e5 16. dxe5 Ncxe5 17. Nxe5 Bxe5 18. g3 h6 19. Bd2 Qc4 20. Qxc4 dxc4
21. Be3 Rad8 22. Rad1 Rd3 23. Rxd3 cxd3 24. Nd4 Rc8 25. Rc1 Ne7 26. f4 Bf6 27. Bd2 Nd5 28. Kf2 Nxc3 29. Nf5 Ne4+ 30. Ke3 Rxc1
31. Bxc1 d2 32. Bxd2 Nxd2 33. Kxd2 Bb2 34. Kc2 Bxa3 35. Kb3 Bc1 36. Kc2 Ba3 37. Kb3=
1/2-1/2

[Event "Caro Kann Blitz"]
[Site "SchemingMind.com"]
[Date "2008.02.02"]
[Round "-"]
[White "asanopiyo"]
[Black "shadrach"]
[Result "0-1"]
[WhiteCountry "JPN"]
[BlackCountry "AUS"]
[WhiteElo "1688"]
[WhiteRD "78"]
[BlackElo "1799"]
[BlackRD "91"]
[GameID "140031"]

1. e4 c6 2. d4 d5 3. Nc3 dxe4 4. Nxe4 Nd7 5. c4 Ngf6 6. Bd3 Nxe4 7. Bxe4 Nf6 8. Bc2 Bg4 9. f3 Bh5 10. Ne2 Qa5+
11. Bd2 Qb6 12. b4 O-O-O 13. c5 Qc7 14. a4 Nd5 15. O-O e5 16. Bf5+ Kb8 17. dxe5 Qxe5 18. Bf4 Bxc5+ 19. bxc5 Nxf4 20. Qb3 Nxe2+
0-1

[Event "Caro Kann Blitz"]
[Site "SchemingMind.com"]
[Date "2008.02.02"]
[Round "-"]
[White "asanopiyo"]
[Black "jtrochez1"]
[Result "0-1"]
[WhiteCountry "JPN"]
[BlackCountry "HON"]
[WhiteElo "1688"]
[WhiteRD "78"]
[BlackElo "1556"]
[BlackRD "53"]
[GameID "140032"]

1. e4 c6 2. d4 d5 3. exd5 cxd5 4. Nf3 Nc6 5. c4 e6 6. c5 Nf6 7. Bg5 Be7 8. a3 a6 9. Nc3 O-O 10. Bd3 b5
11. b4 Bd7 12. Qc2 Re8 13. h3 h6 14. Be3 Qb8 15. Qe2 Bd8 16. O-O e5 17. dxe5 Nxe5 18. Bc2 Bc7 19. Rad1 Bc6 20. Nd4 Bd7
21. Rfe1 Nc4 22. Ra1 Nxe3 23. fxe3 Be5 24. Qd3 Ne4 25. Nxe4 dxe4 26. Qxe4 Bh2+
0-1

[Event "Caro Kann Blitz"]
[Site "SchemingMind.com"]
[Date "2008.02.03"]
[Round "-"]
[White "asanopiyo"]
[Black "jdcald13"]
[Result "0-1"]
[WhiteCountry "JPN"]
[BlackCountry "USA"]
[WhiteElo "1688"]
[WhiteRD "78"]
[BlackElo "1953"]
[BlackRD "49"]
[GameID "140033"]

1. e4 c6 2. d4 d5 3. exd5 cxd5 4. c4 Nf6 5. Nf3 e6 6. c5 b6 7. b4 a5 8. Bb5+ Bd7 9. Qa4 axb4 10. Qxa8 Bxb5
11. cxb6 Qxb6 12. Nbd2 Bc6
0-1